[Event "FRA-ch Blitz Online Qual"]
[Site "Europe Echecs INT"]
[Date "2020.05.16"]
[Round "15"]
[White "Commin Humeau, Augustin"]
[Black "Fraile, Lucas"]
[Result "1-0"]
[WhiteElo "1971"]
[BlackElo "1276"]
[PlyCount "53"]
[EventDate "2020.05.16"]
[EventType "swiss (blitz)"]
[EventRounds "15"]
[EventCountry "FRA"]
[SourceTitle "CBM 196 Extra"]
[Source "ChessBase"]
[SourceDate "2020.07.31"]
[SourceVersion "1"]
[SourceVersionDate "2020.07.31"]
[SourceQuality "1"]

1. e4 c6 2. c4 d5 3. cxd5 cxd5 4. exd5 Nf6 5. Nc3 Nxd5 6. Nf3 Nxc3 7. bxc3 Nc6 8. d4 Bg4 9. h3 Bh5 10. Be2 e6 11. 0-0 Be7 12. Rb1 Qc7 13. Be3 0-0 14. Qd2 Rad8 15. Bf4 Bd6 16. Bg5 Be7 17. Be3 e5 18. d5 Na5 19. Bxa7 Ra8 20. Bb6 Qd6 21. Rb5 Qa3 22. Nxe5 Bxe2 23. Qxe2 Rfe8 24. Qh5 g6 25. Qf3 f6 26. Nd7 Kg7 27. Re1 1-0

[Event "FRA-ch Blitz Online Qual"]
[Site "Europe Echecs INT"]
[Date "2020.05.16"]
[Round "9"]
[White "Commin Humeau, Augustin"]
[Black "Pernoud, Claire"]
[Result "1-0"]
[WhiteElo "1971"]
[BlackElo "1428"]
[PlyCount "63"]
[EventDate "2020.05.16"]
[EventType "swiss (blitz)"]
[EventRounds "15"]
[EventCountry "FRA"]
[SourceTitle "CBM 196 Extra"]
[Source "ChessBase"]
[SourceDate "2020.07.31"]
[SourceVersion "1"]
[SourceVersionDate "2020.07.31"]
[SourceQuality "1"]

1. e4 e5 2. Nf3 Nc6 3. Bc4 Be7 4. 0-0 Nf6 5. Re1 0-0 6. d4 d6 7. h3 Bd7 8. Nc3 Re8 9. Nd5 Nxd5 10. exd5 Na5 11. Bf1 c6 12. b4 Nc4 13. Bxc4 cxd5 14. Bxd5 Bc6 15. dxe5 dxe5 16. Bxc6 Qxd1 17. Rxd1 bxc6 18. a3 Bf6 19. Bb2 e4 20. Bxf6 gxf6 21. Nd4 Rac8 22. Nf5 c5 23. Nd6 cxb4 24. axb4 Rcd8 25. Nxe8 Rxe8 26. Rxa7 Kf8 27. Rdd7 e3 28. Rxf7+ Kg8 29. Rg7+ Kh8 30. Rxh7+ Kg8 31. fxe3 Rf8 32. Rag7# 1-0

[Event "FRA-ch Blitz Online Qual"]
[Site "Europe Echecs INT"]
[Date "2020.05.16"]
[Round "8"]
[White "Roussel, Matthieu"]
[Black "Commin Humeau, Augustin"]
[Result "1-0"]
[WhiteElo "1577"]
[BlackElo "1971"]
[PlyCount "133"]
[EventDate "2020.05.16"]
[EventType "swiss (blitz)"]
[EventRounds "15"]
[EventCountry "FRA"]
[SourceTitle "CBM 196 Extra"]
[Source "ChessBase"]
[SourceDate "2020.07.31"]
[SourceVersion "1"]
[SourceVersionDate "2020.07.31"]
[SourceQuality "1"]

1. e4 c5 2. Nf3 g6 3. d4 cxd4 4. Nxd4 Bg7 5. Nc3 Nc6 6. Be3 Nf6 7. Qd2 0-0 8. Be2 d6 9. 0-0-0 Ng4 10. Bxg4 Bxg4 11. f3 Nxd4 12. Bxd4 Be6 13. g4 Qa5 14. a3 Rac8 15. Bxg7 Kxg7 16. h4 h5 17. gxh5 Qxh5 18. Qe3 Rc7 19. Rdg1 Rc5 20. f4 Bg4 21. Qg3 f5 22. exf5 gxf5 23. Qe3 Qf7 24. h5 Rfc8 25. h6+ Kh7 26. Qd3 Qc4 27. Rxg4 Qxd3 28. Rg7+ Kh8 29. cxd3 d5 30. Kb1 d4 31. Ne2 e5 32. fxe5 Rxe5 33. Nxd4 Rd5 34. Ne6 Rxd3 35. Nf4 Rd6 36. Ng6+ Rxg6 37. Rxg6 Rf8 38. h7 b6 39. Rg8+ Rxg8 40. hxg8Q+ Kxg8 41. Rf1 Kf7 42. Kc2 Ke6 43. Kb3 Ke5 44. Kc3 a6 45. Kd3 b5 46. Ke3 a5 47. Re1 b4 48. axb4 axb4 49. Kf3+ Kd5 50. Kf4 Kc4 51. Kxf5 Kb3 52. Re2 Ka2 53. Ke4 b3 54. Kd4 Kb1 55. Kc4 Ka2 56. Kb4 Kb1 57. Ka3 Kc1 58. Kxb3 Kd1 59. Rh2 Kc1 60. Kc4 Kb1 61. b4 Kc1 62. b5 Kd1 63. b6 Ke1 64. b7 Kd1 65. b8Q Kc1 66. Qb2+ Kd1 67. Qa1# 1-0

[Event "FRA-ch Blitz Online Qual"]
[Site "Europe Echecs INT"]
[Date "2020.05.16"]
[Round "12"]
[White "Schweitzer, Adrien"]
[Black "Commin Humeau, Augustin"]
[Result "1-0"]
[WhiteElo "2086"]
[BlackElo "1971"]
[PlyCount "91"]
[EventDate "2020.05.16"]
[EventType "swiss (blitz)"]
[EventRounds "15"]
[EventCountry "FRA"]
[SourceTitle "CBM 196 Extra"]
[Source "ChessBase"]
[SourceDate "2020.07.31"]
[SourceVersion "1"]
[SourceVersionDate "2020.07.31"]
[SourceQuality "1"]

1. d4 Nf6 2. c4 c5 3. d5 e6 4. Nc3 exd5 5. cxd5 d6 6. e4 g6 7. f4 Bg7 8. Bb5+ Nfd7 9. Bd3 0-0 10. Nf3 Na6 11. 0-0 Re8 12. Re1 Rb8 13. a4 Nb4 14. Bb1 c4 15. Be3 b6 16. Bd4 Nc5 17. Bxg7 Kxg7 18. Qd4+ Kg8 19. Qxc4 a5 20. Nd4 Qh4 21. g3 Qh3 22. Ndb5 Ba6 23. e5 h5 24. Ne4 Nxe4 25. Bxe4 Rbc8 26. Qe2 dxe5 27. Bg2 Qf5 28. Be4 Bxb5 29. axb5 exf4 30. Bxf5 Rxe2 31. Bxc8 Rxe1+ 32. Rxe1 fxg3 33. d6 Nd5 34. d7 gxh2+ 35. Kxh2 Kg7 36. d8Q Nf6 37. Qd4 a4 38. Rf1 h4 39. Qxf6+ Kh7 40. Qxf7+ Kh6 41. Qf4+ g5 42. Qf6+ Kh7 43. Bf5+ Kg8 44. Bg6 a3 45. Qf7+ Kh8 46. Qh7# 1-0

[Event "FRA-ch Blitz Online Qual"]
[Site "Europe Echecs INT"]
[Date "2020.05.16"]
[Round "6"]
[White "Thomas, Anysia"]
[Black "Commin Humeau, Augustin"]
[Result "1-0"]
[WhiteElo "2160"]
[BlackElo "1971"]
[PlyCount "79"]
[EventDate "2020.05.16"]
[EventType "swiss (blitz)"]
[EventRounds "15"]
[EventCountry "FRA"]
[SourceTitle "CBM 196 Extra"]
[Source "ChessBase"]
[SourceDate "2020.07.31"]
[SourceVersion "1"]
[SourceVersionDate "2020.07.31"]
[SourceQuality "1"]

1. d4 Nf6 2. c4 c5 3. d5 e6 4. Nc3 exd5 5. cxd5 d6 6. g3 g6 7. Bg2 Bg7 8. Nf3 0-0 9. 0-0 Na6 10. Nd2 Nc7 11. Nc4 b5 12. Nxd6 Qxd6 13. Bf4 Qb6 14. d6 Bb7 15. Bxb7 Qxb7 16. dxc7 b4 17. Na4 Qc6 18. Rc1 Nd7 19. Bd6 Rfc8 20. Nxc5 Nxc5 21. Rxc5 Qb6 22. Qd5 Bf8 23. Bxf8 Kxf8 24. Rfc1 a5 25. Rc6 Qb7 26. Qe5 Ra7 27. Qd6+ Kg7 28. h4 a4 29. h5 a3 30. h6+ Kxh6 31. b3 Kg7 32. g4 h6 33. R1c4 Ra5 34. Qf6+ Kg8 35. Rd6 Rf8 36. Rd8 Rd5 37. Rxf8+ Kxf8 38. c8Q+ Qxc8 39. Rxc8+ Rd8 40. Rxd8# 1-0